| 000 | 00998nam a22002657a 4500 | ||
|---|---|---|---|
| 001 | BRCA_9377 | ||
| 003 | FranzMayer | ||
| 005 | 20230918123912.0 | ||
| 008 | 230830b |||||||| |||| 00| 0 eng d | ||
| 020 | _a9788787075794 | ||
| 040 |
_aMFM _bESPAÑOL _cMFM |
||
| 050 | 0 |
_aN6757.5.A78 _bD36 2008 |
|
| 110 | 1 |
_4Responsable _aThe Danish Museum of Art & Design _929413 |
|
| 240 |
_a1900 The year of Art Nouveau _lInglés |
||
| 245 | 0 | _a1900 The year of Art Nouveau | |
| 260 |
_aCopenhague, Dinamarca _bThe Danish Museum of Art & Design _c2008 |
||
| 300 |
_a368 p _bIlustraciones a color _c24 cm |
||
| 500 | _aAnexo 1 | ||
| 505 | _aTexto en: inglésIncluye índiceIncluye bibliografíaDirigido a: artistas, diseñadores e historiadores del arte | ||
| 650 | 1 |
_2Artes visuales _aHistoria _vEuropa _929414 |
|
| 651 | 2 |
_2Artes del siglo XX _aArt nouveau _929415 |
|
| 700 | 1 |
_4Responsable _aChristensen, Charlotte _929416 |
|
| 710 | 1 |
_4Responsable _aParis World Exhibition _929417 |
|
| 942 |
_2lcc _cB |
||
| 999 |
_c10999 _d10999 |
||